Hyundai Car Quiz - Statistics

General Stats
  • This quiz has been taken 40 times
  • The average score is 8 of 20
Answer Stats
Hint Answer % Correct
SUV Santa Fe
83%
SUV Tucson
83%
Sedan Elantra
69%
Sedan Sonata
67%
SUV KONA
61%
Hatchback i10
47%
Hatchback i20
47%
Hatchback i30
47%
Compact Sedan Ioniq
44%
SUV Palisade
42%
Sedan Accent
39%
XUV Venue
39%
Sedan i40
36%
Compact Hatchback Veloster
25%
Sedan Azera
22%
Minivan Starex
19%
Minivan Staria
17%
XUV Creta
14%
Sedan Avante
11%
XUV Alcazar
3%
No matching quizzes found
Score Distribution
Percent of People with Each Score
Percentile by Number Answered
Your Score History
You have not taken this quiz